00901 a2200157 4500003000500000005001700005040000900022082001600031100002000047245009600067260003200163300002700195505047100222650002800693700002200721Nust20250912154119.0 cNust a530.141,PLO aPlonsey, Robert aPrinciples and applications of elctromagnetic fields /cRobert Plonsey and Robert E. Collin aNew YorkbMcGraw-Hillc1961 a554 p.billus.c24 cm. aVector Analysis (Page-1), Electrostatics (Page-39), Electrostatic Field In Material Bodies , Energy And Forces (Page-79), Solution Of Boundary Value Problems (Page-119), Stationary Currents (Page-164), Static Magnetic Field In Vacuum (Page-198), Magnetic Field In Material Bodies (Page-226), Time Dependant Fields (Page-299), Plane Waves, Waveguide And Resonators (Page-342), Radiation And Antennas (Page-393), Interaction Of Charge Particles With Fields (Page-425). aElectromagnetic fields. aCollin, Robert E.